|
|
|
|
| LEADER |
00000nam0a2200000 4500 |
| 001 |
110391 |
| 005 |
20231101214930.0 |
| 035 |
|
|
|a (RuTPU)RU\TPU\book\119221
|
| 090 |
|
|
|a 110391
|
| 100 |
|
|
|a 20070222d1958 km y0rusy50 ca
|
| 101 |
0 |
|
|a rus
|
| 102 |
|
|
|a RU
|
| 105 |
|
|
|a a z 000zy
|
| 200 |
1 |
|
|a Ковка и термическая обработка
|e сборник статей
|h [вып.] 5
|f Уральский завод тяжелого машиностроения им. С. Орджоникидзе
|
| 210 |
|
|
|a Москва
|c Машгиз
|d 1958
|a Свердловск
|
| 215 |
|
|
|a 134 с.
|c ил.
|
| 610 |
1 |
|
|a ковка
|
| 610 |
1 |
|
|a термическая обработка
|
| 610 |
1 |
|
|a сборники
|
| 675 |
|
|
|a 621.73
|v 3
|
| 675 |
|
|
|a 621.78
|v 3
|
| 712 |
0 |
2 |
|a Уральский завод тяжелого машиностроения им. С. Орджоникидзе
|2 stltpush
|3 (RuTPU)RU\TPU\col\11821
|9 25262
|
| 801 |
|
1 |
|a RU
|b 63413507
|c 20070222
|g PSBO
|
| 801 |
|
2 |
|a RU
|b 63413507
|c 20080121
|g PSBO
|
| 942 |
|
|
|c BK
|